[Event "Internet Section 06A g/8'+2\""]
[Site "Dos Hermanas"]
[Date "2004.03.06"]
[Round "3"]
[White "Kolkov, Anton Ivanovich"]
[Black "Lalla, Brian"]
[Result "1-0"]
[WhiteElo "1648"]
[BlackElo "1377"]
[PlyCount "79"]
[EventDate "2004.03.06"]
[EventType "swiss (blitz)"]
[EventRounds "9"]
[EventCountry "ESP"]
[SourceTitle "CBM 099 Extra"]
[Source "ChessBase"]
[SourceDate "2004.05.04"]
[SourceVersion "1"]
[SourceVersionDate "2004.05.04"]
[SourceQuality "1"]

1. e4 c5 2. Nf3 d6 3. d4 cxd4 4. Nxd4 a6 5. Nc3 Nc6 6. Be3 e5 7. Nb3 Nf6 8. f3 Be6 9. Qd2 Be7 10. 0-0-0 0-0 11. g4 Ne8 12. h4 b5 13. h5 Nc7 14. Nd5 Bxd5 15. exd5 Nd4 16. Nxd4 exd4 17. Qxd4 Bf6 18. Qd2 b4 19. g5 Be7 20. Bd3 f5 21. gxf6 Bxf6 22. Kb1 a5 23. Rdg1 Nxd5 24. Bxh7+ Kxh7 25. Qxd5 Qe7 26. h6 g6 27. Bd4 Bxd4 28. Qxd4 Rxf3 29. Rxg6 Kxg6 30. Qg4+ Kh7 31. Qxf3 Rf8 32. Qd3+ Kh8 33. Rg1 Qf6 34. a3 bxa3 35. Qxa3 Rb8 36. Rd1 Qxh6 37. Rxd6 Qh1+ 38. Ka2 a4 39. Qc3+ Kg8 40. Rg6+ 1-0